Ruda Śląska - quiz wielokrotnego wyboru - Statystyki

Ogólne statystyki
  • Ten quiz został rozwiązany 59 razy
  • Średni wynik to 6 z 10
Statystyki odpowiedzi
Zagadnienie Odpowiedź % Poprawnych
Która z wymienionych dzielnic, nie jest dzielnicą Rudy Śląskiej? Ligota
91%
Który z podanych klubów piłkarskich nie ma siedziby w Rudzie Śląskiej? Walka Makoszowy
84%
Z którym z podanych miast Ruda Śląska nie dzieli granicy Gliwice
75%
W Rudzie Śląskiej nie ma drużyny żużlowej
75%
W Rudzie Śląskiej działają ... stacje kolejowe dwie
70%
Który z tych piłkarzy nie urodził się w Rudzie Śląskiej? Piotr Zieliński
68%
Dzielnica Rudy Śląskiej która pełni funkcję najważniejszego węzła komunikacyjnego w mieście. Chebzie
57%
Ruda Śląska jest ... najludniejszym miastem w województwie dziewiątym
50%
W którym roku powstała Ruda Śląska z połączenia Rudy i Nowego Bytomia? 1959
39%
Ile mieszka osób w Rudzie Śląskiej? 121 tys - 130 tys
27%
Nie znaleziono quizów pasujących do podanych kryteriów
Rozkład punktacji
Procent ludzi z każdym wynikiem
Percentyl według liczby udzielonych odpowiedzi
Twoja historia wyników
Nie rozwiązałeś tego quizu